Bengali Foods - Statistics

General Stats
  • This quiz has been taken 92 times
  • The average score is 5 of 9
Answer Stats
Picture Answer % Correct
biryani
79%
pani puri
75%
gulab jamun
71%
paratha
67%
mishti doi
63%
falooda
40%
aloo posto
39%
shukto
38%
shondesh
19%
No matching quizzes found
Score Distribution
Percent of People with Each Score
Percentile by Number Answered
Your Score History
You have not taken this quiz